| 000 -LEADER |
| fixed length control field |
00329nam a2200133Ia 4500 |
| 008 - FIXED-LENGTH DATA ELEMENTS--GENERAL INFORMATION |
| fixed length control field |
180730s9999||||xx |||||||||||||| ||und|| |
| 082 ## - DEWEY DECIMAL CLASSIFICATION NUMBER |
| Classification number |
343.071 |
| Item number |
JAI/I |
| 100 ## - MAIN ENTRY--PERSONAL NAME |
| Personal name |
Rai, G. N. |
| 245 #0 - TITLE STATEMENT |
| Title |
GENERAL ENGLISH for Law Students |
| 260 ## - PUBLICATION, DISTRIBUTION, ETC. |
| Place of publication, distribution, etc. |
Faridabad |
| Name of publisher, distributor, etc. |
Sri Sai Law Pub. |
| Date of publication, distribution, etc. |
2014 |
| 300 ## - PHYSICAL DESCRIPTION |
| Extent |
331 |
| 700 ## - ADDED ENTRY--PERSONAL NAME |
| Personal name |
NISHI BEHL |
| 942 ## - ADDED ENTRY ELEMENTS (KOHA) |
| Koha item type |
Book |